[Event "Cologne Ford op"]
[Site "Cologne"]
[Date "2010.06.07"]
[Round "7"]
[White "Frak, Christoph"]
[Black "Zimmermann, Ruth"]
[Result "1-0"]
[WhiteElo "1332"]
[BlackElo "1499"]
[PlyCount "101"]
[EventDate "2010.04.19"]
[EventType "swiss"]
[EventRounds "7"]
[EventCountry "GER"]
[SourceTitle "EXT 2011"]
[Source "ChessBase"]
[SourceDate "2010.11.26"]
[SourceVersion "1"]
[SourceVersionDate "2010.11.26"]
[SourceQuality "1"]

1. d4 d5 2. c4 e6 3. e3 Nf6 4. Nc3 Be7 5. Bd3 0-0 6. Nf3 dxc4 7. Bxc4 b6 8. Bd2 Bb7 9. Bd3 c5 10. Rc1 Nc6 11. Ne4 cxd4 12. Nxf6+ Bxf6 13. Qc2 h6 14. e4 Ne5 15. Nxe5 Bxe5 16. 0-0 Rc8 17. Qb1 Qd7 18. f4 Bd6 19. e5 Be7 20. Rfe1 Rxc1 21. Bxc1 Rc8 22. Bd2 f5 23. exf6 Bxf6 24. f5 e5 25. b3 Bd5 26. g4 Qd6 27. Ba6 Rc7 28. Bd3 Bh4 29. Rc1 Rxc1+ 30. Qxc1 e4 31. Qc8+ Qf8 32. Qxf8+ Kxf8 33. Bc4 Bxc4 34. bxc4 e3 35. Bb4+ Be7 36. a3 Bxb4 37. axb4 Ke7 38. Kf1 Kd6 39. Ke2 a6 40. h4 Ke5 41. Kf3 a5 42. c5 bxc5 43. bxa5 Kd5 44. a6 Kc6 45. g5 c4 46. gxh6 gxh6 47. f6 c3 48. f7 c2 49. f8Q Kb6 50. Qb4+ Kxa6 51. Qc4+ 1-0

[Event "Cologne Ford op"]
[Site "Cologne"]
[Date "2010.04.19"]
[Round "1"]
[White "Frak, Christoph"]
[Black "Wolff, Michael"]
[Result "0-1"]
[WhiteElo "1332"]
[BlackElo "1888"]
[PlyCount "100"]
[EventDate "2010.04.19"]
[EventType "swiss"]
[EventRounds "7"]
[EventCountry "GER"]
[SourceTitle "EXT 2011"]
[Source "ChessBase"]
[SourceDate "2010.11.26"]
[SourceVersion "1"]
[SourceVersionDate "2010.11.26"]
[SourceQuality "1"]

1. Nf3 c5 2. b3 d6 3. Bb2 e5 4. e4 Nf6 5. Bb5+ Nc6 6. d3 Be7 7. Nbd2 Bd7 8. Bxc6 Bxc6 9. Nc4 b5 10. Ne3 g6 11. 0-0 0-0 12. a3 a5 13. h3 Re8 14. c4 a4 15. bxa4 bxa4 16. Rb1 Qc7 17. Qc2 Reb8 18. Bc3 Bd8 19. Nd2 Nh5 20. g3 Qc8 21. Kh2 Bd7 22. g4 Nf4 23. f3 Bg5 24. Ng2 Qd8 25. Rxb8 Rxb8 26. Rb1 Rxb1 27. Qxb1 Ne2 28. Qc2 Nxc3 29. Qxc3 Qb6 30. Qc2 Kg7 31. Qb1 Qa5 32. Nf1 Qc3 33. h4 Bf4+ 34. Nxf4 exf4 35. Qb7 Be6 36. Qb1 Qxa3 37. Kh1 Qb4 38. Qa1+ Kg8 39. Qf6 a3 40. Qd8+ Kg7 41. g5 Qb2 42. Qf6+ Qxf6 43. gxf6+ Kxf6 44. Nd2 Ke5 45. Nb3 Bd7 46. Kg2 Ba4 47. Nc1 Bc2 48. Kf2 Kd4 49. Ke2 Kc3 50. Ke1 Bxd3 0-1